000 00790nam a22002052i 4500
001 161773
003 ES-MaACL
005 20251120063146.0
008 990810m18651868sp |||| | spa d
040 _aCAT
_bspa
_cCAT
_dCCPB
080 _a595
100 1 _aPérez Arcas, Laureano,
_d1822-1894
_9131453
245 1 0 _aInsectos nuevos ó poco conocidos de la fauna española /
_cpor D. Laureano Perez Arcas.
260 _aMadrid :
_bImprenta y Libreria de D. Eusebio Aguado,
_c1865-1868.
300 _a86 p. ;
_c21 cm.
597 _a1ª parte (23 p.) -- 2ª parte (p. 25-56) -- 3ª parte (p. 58-86)
650 0 7 _aInsectos
_2embne
_913823
852 _aES-MaACL
_jT-187-F-5
_z-- Enc. hol.
_q-- Falto de la cub. original
_z-- Enc. en un vol. facticio
999 _c161773
_d161773